1257 1133 1622 1936 1857 1925 1386 1336 1583 1952 1917 1824 1659 1406 1895 1094 1694 1543 1282 1132 1743 1042 1934 1783 1648 1037 1999 1323 1339 1153 1862 1385 1475 1872 1406 1898 1061 1278 1319 1511 1795 1532 1410 1450 1585 1984 1852 1002 1295 1085 1879 1850 1923 1935 1189 1209 1996 1778 1597 1155 1832 1628 1506 1010 1505 1503 1078 1323 1481 1243 1705 1654 1194 1105 1658 1973 1399 1173 1230 1708 1278 1119 1563 1357 1701 1713 1052 1104 1797 1037 1471 1946 1610 1777 1301 1576 1694 1936 1137 BCNSPRNW ULIB Ver.6.0+V

เปลี่ยนเป็นภาษาไทย

Change to English
 แสดงรายละเอียดบรรณานุกรม
  กลับหน้าหลัก

Brief Record : Get Marc (ISO 2709) : E-mail record : QR code < ปิดหน้าต่าง
LEADER : 00000nam 2200000uu 4500
001    13399111581
003     ULIB
008    110701s||||||||th 000 0 tha d
020    9786117061073
050 04 BQ7210^bพ358ห 2552
100 0  พระมหาสมปอง ตาลปุตฺโต
245 10 หลงทางเสียเวลา เดินตามอาตมามีอนาคต(นะโยม) /^cพระมหาสมปอง ตาลปุตฺโต
260    กรุงเทพ ฯ :^bโพสต์บึ๊คส์,^c2552
300    208 หน้า
650  7 ธรรมะ^xรวมเรื่อง
945    ^p175^l0^i026492
995    ทศพร
999 ^a ใช้งานได้ทุกระบบ
รายการนี้ยังไม่มีแท็ก
คุณยังไม่ได้ล็อกอิน คุณสามารถมีกิจกรรมร่วมกับเว็บไซต์ได้ แต่ต้องล็อกอินก่อน ::
  ล็อกอิน

รายการสื่อสารสนเทศ

ลำดับที่ ประเภท เลขเรียก/บาร์โค้ด สถานที่ สถานะ
- ไม่พบข้อมูล -

รายการใกล้เคียง
    ผู้แต่ง [พระมหาสมปอง ตาลปุตฺโต]

BibComment


ยังไม่เคยถูกคอมเมนท์

คอมเมนท์ทรัพยากรรายการนี้
  คอมเมนท์: หลงทางเสียเวลา เด..


 Copyright 2026. Bcnsprnw @Library